000 00453nam a2200181Ia 4500
008 131103s9999 xx 000 0 und d
040 _aLoreto College
041 _aEnglish
082 _a704/YAT
_bLCBkB/508
100 _aYates, Frances A.
245 4 _aThe art of memory
_cFrances A. Yates
260 _aLondon
_bPimlico
_c1992
300 _a439p.
_c 22cm.
504 _aIncludes index
650 _aArt
850 _aLCBkB/704/YAT
942 _cBK
999 _c35175
_d85654